Countries from Clues #1 - Statistics

General Stats
  • This quiz has been taken 20 times
  • The average score is 19 of 25
Answer Stats
Clue Answer % Correct
This country has won the most world cups. Brazil
100%
This countries abbreviation is DRC Democratic Republic of the Congo
100%
This country is known for having bike paths everywhere. Netherlands
100%
This countries capital is Bangkok. Thailand
100%
This country is responsible for colonizing the most countries. UK
100%
This country has the most McDonalds. USA
100%
This country is the biggest in Africa. Algeria
95%
This country is known for their absurd amount of kangaroos. Australia
95%
This country has many stereotypes about hockey and the cold. Canada
95%
This country is extremely close to the south of Spain. Morocco
95%
This country is known for having Mount Everest in it. Nepal
95%
The country Elon Musk is from. South Africa
95%
The capital of this country is Zagreb. Croatia
89%
The main exporter in Europe. Germany
89%
This country is known for having 10 sheep for 1 human. New Zealand
79%
The smallest country in the world. Vatican City
74%
This country's flag has a big yellow star on it. Vietnam
74%
The country flag has an eagle eating a snake on it. Mexico
68%
The biggest island country (other than Australia). Madagascar
58%
This countries flag is known for the blue sky and the wheat fields. Ukraine
42%
What country flag has an AK-47 on it. Mozambique
37%
What country flag is very similar to Thailands flag. Costa Rica
32%
The islands that are owned by this country is called The Faroe Islands. Norway
32%
This country has the largest city in the world in terms of land area. Mongolia
26%
This country has the most orange in their flag. Bhutan
21%
No matching quizzes found
Score Distribution
Percent of People with Each Score
Percentile by Number Answered
Your Score History
You have not taken this quiz